000 01700nam a2200445 i 4500
001 101057
003 FlNmELB
005 20241217173113.0
006 m o d |
007 cr cnu||||||||
008 180815s2016 mx ob 000 0 spa d
020 _z9786079426422
020 _a9781512951820 (e-book)
035 _a(MiAaPQ)EBC5426077
035 _a(Au-PeEL)EBL5426077
035 _a(OCoLC)1105879867
040 _aFINmELB
_bspa
_erda
_cFINmELB
050 4 _aPQ7197
_bF634 2016
080 _a821.134.2(72)-31
082 0 _a863.009972
_223
100 1 _aFlores Barrera, Adrián.
245 1 0 _aMás allá de la Onda :
_bdesmitificación y melancolía mexicana en la novela La tumba de José Agustín /
_cAdrián Flores Barrera.
264 1 _aMéxico, D.F. :
_bEdiciones y Gráficos Eón,
_c2016.
300 _a1 recurso en línea (132 páginas)
336 _atexto
_btxt
_2rdacontent/spa
337 _acomputadora
_bc
_2rdamedia/spa
338 _arecurso en línea
_bcr
_2rdacarrier/spa
490 1 _aEón Ensayo
504 _aContiene bibliografía.
588 _aDescripción basada en recurso en línea; Título de la página del título en PDF (e-libro, visto August 15, 2018).
590 _aRecurso electrónico. Santa Fe, Arg.: e-libro, 2018. Disponible vía World Wide Web. El acceso puede estar limitado para las bibliotecas afiliadas a e-libro.
650 0 _aMexican fiction
_xHistory and criticism.
650 4 _aNovela.
650 4 _aHistoria literaria.
650 4 _aCrítica literaria.
655 4 _aLibros electrónicos.
797 2 _ae-libro, Corp.
830 0 _aEón Ensayo.
856 4 0 _uhttps://elibro.net/ereader/politecnicointernacional/41120
999 _c101057
_d101057